LIBRARY & INFORMATION CENTRE, KCAET, TAVANUR

ONLINE PUBLIC ACCESS CATALOGUE (OPAC)

Text book of heat / (Record no. 8830)

MARC details
000 -LEADER
fixed length control field 00422cam a2200169ua 4500
041 ## - LANGUAGE CODE
Language code of text/sound track or separate title eng
082 ## - DEWEY DECIMAL CLASSIFICATION NUMBER
Classification number 536
Item number ALL/TE
100 ## - MAIN ENTRY--AUTHOR NAME
Personal name Allen, H S .
245 ## - TITLE STATEMENT
Title Text book of heat /
250 ## - EDITION STATEMENT
Edition statement 1 /
260 ## - PUBLICATION, DISTRIBUTION, ETC. (IMPRINT)
Place of publication Melbourne,London :
Name of publisher MacMillan and Company Limited ,
Year of publication 1962.
300 ## - PHYSICAL DESCRIPTION
Number of Pages 527 ; .
700 1# - ADDED ENTRY--PERSONAL NAME
Personal name Maxwell, R S .
942 ## - ADDED ENTRY ELEMENTS (KOHA)
Koha item type Books
Holdings
Withdrawn status Lost status Damaged status Home library Current library Date acquired Full call number Accession Number Koha item type
      KAUAET KAUAET 07/04/2012 536 ALL/TE 11732 Books
Withdrawn   Damaged KAUAET KAUAET 02/02/2021 536 ALL/TE 7711 Books
free website counter